[Event "45th Olympiad 2024"]
[Site "Budapest HUN"]
[Date "2024.09.18"]
[Round "7.79"]
[Board "3"]
[White "Jones, Rupert"]
[Black "Fomevor, Cephas Clinton"]
[Result "0-1"]
[WhiteElo "1849"]
[BlackElo "1873"]
[PlyCount "62"]
[EventDate "2024.09.11"]
[WhiteTeam "Papua New Guinea"]
[BlackTeam "Ghana"]
[WhiteTeamCountry "PNG"]
[BlackTeamCountry "GHA"]

1. e4 {Lukacs,Peter} c6 2. d4 d5 3. e5 c5 4. c4 ({RR} 4. dxc5) 4... cxd4 ({RR} 4... Nc6 5. cxd5 Qxd5 6. Nc3 Qxd4 7. Be3 Qb4 8. a3 ({RR} 8. Nf3 Bg4 ({RR} 8... e6 9. a3 Qa5 10. Bb5 Bd7 {RR} 11. O-O Qc7 ({RR} 11... Nxe5 12. Nxe5 Bxb5 13. Qf3) ({RR} 11... a6 12. b4 cxb4 13. axb4 Qxb4 ({RR} 13... Qd8 14. Qa4 Nge7 15. Rfd1 Rc8 16. Bxc6 Rxc6 17. Qb3) 14. Qd2 Rd8 15. Bd3) 12. Qb3 a6)) 8... Qa5 9. Bb5 e6 10. Bxc6+ bxc6 11. Qa4 Qb6 12. b4 Qa6 13. Qxa6 Bxa6 14. bxc5 Ne7) 5. Nf3 ({RR} 5. Qxd4 e6 ({RR} 5... Nc6 6. Qxd5) 6. cxd5 exd5 7. Nc3 Be6 8. Nf3 Nc6 9. Bb5 Nge7 10. Bg5 h6 11. Bxe7 Bxe7 12. O-O) 5... Nc6 6. cxd5 ({RR} 6. Nxd4 e6 ({RR} 6... Nxe5 7. cxd5 Qxd5 8. Nc3) 7. Nc3 ({RR} 7. cxd5 Qxd5 ({RR} 7... exd5 8. Nxc6 bxc6 9. Bd3) 8. Nxc6 bxc6 ({RR} 8... Qxc6 9. Nc3) 9. Qe2 Rb8 10. Nc3 Qa5 11. Qe4 ({RR} 11. g3 Ne7) 11... Ne7 12. Bd3 Ba6) 7... Bb4 ({RR} 7... Bc5 8. Nxc6 bxc6 9. Qg4 g6 10. Bd3) ({RR} 7... Nxe5 8. cxd5) 8. Nxc6 bxc6 ({RR} 8... Bxc3+ 9. bxc3 bxc6 10. Qg4) 9. Bd3 ({RR} 9. Qa4 Qb6 10. cxd5 exd5 11. Bd3 Ne7 12. O-O) 9... d4 ({RR} 9... Ne7 10. O-O O-O 11. Qg4) ({RR} 9... dxc4 10. Bxc4 Qxd1+ 11. Kxd1) 10. a3 Ba5 ({RR} 10... Qa5 11. axb4 Qxa1 12. Ne4) ({RR} 10... Be7 11. Ne4 Qa5+ 12. b4 Qxe5 13. O-O Nf6 14. Qf3) 11. b4 Bc7 ({RR} 11... dxc3 12. bxa5 Qxa5 13. Bf4 ({RR} 13. Qe2)) 12. Ne4 Bxe5 13. Qh5 Qc7 ({RR} 13... Bc7 14. Bg5 Qd7 ({RR} 14... Ne7 15. Bf6) 15. O-O) 14. f4 Bd6 ({RR} 14... Bxf4 15. O-O ({RR} 15. Qc5 Ne7 16. Bxf4 Qxf4 17. Qxd4 O-O) ({RR} 15. Bxf4 Qxf4 16. Rf1 Qe3+ ({RR} 16... Qc7 17. Rxf7) 17. Be2 Nf6 ({RR} 17... Qxe4 18. Qxf7+ Kd8 19. Qf8+ Kc7 20. Rf7+ Bd7 21. Qxa8) 18. Nxf6+ gxf6 19. Rxf6 Rf8 ({RR} 19... Qc3+ 20. Kf2 Rf8 ({RR} 20... Qe3+ 21. Kf1 Rf8 22. Rf3 Qd2 23. Rd1) ({RR} 20... Qxa1 21. Rxf7) 21. Rd1 d3 22. Rf3 Qd4+ 23. Re3 d2 24. Qe5) 20. Rf3 Qg1+ ({RR} 20... Qe4 21. Kf1) 21. Bf1) 15... Bxc1 ({RR} 15... Be5 16. Rxf7 Bxh2+ 17. Kh1 Qxf7 18. Qxh2) 16. Raxc1 Kf8 17. Qc5+ Ne7 18. Nd6 f6 19. Rce1) 15. Bb2 Ne7 ({RR} 15... Bxf4 16. Bxd4 e5 17. Bc5) 16. O-O Bxf4 17. Bxd4 ({RR} 17. Rxf4 Qxf4 18. Bxd4 Nf5 ({RR} 18... e5 19. Rf1) ({RR} 18... O-O 19. Nf6+) 19. Rf1 Qc7 20. Bc5) 17... Nf5 18. Bc5 Ba6 ({RR} 18... a5 19. Rxf4 Qxf4 20. Rf1) ({RR} 18... Bd7 19. g4) 19. Rxf4 Qxf4 20. Rf1 Qh6 {1-0 Rublevsky,S (2655)-Asrian,K (2599) Moscow Aeroflot op-A 2004 (8)} ({RR} 20... g6 21. Nf6+ Kd8 22. Qd1 Ne3 23. Qd2) ({RR} 20... Qc7 21. Rxf5 exf5 ({RR} 21... g6 22. Qh4 gxf5 23. Nf6+ Kd8 24. Nd5+) 22. Nd6+ Kd8 23. Bxf5) ({RR} 20... Qe5 21. Nd6+ Kd7 22. Bxf5 exf5 23. Rxf5 Qe1+ 24. Rf1)) ({RR} 6. Nxd4 Nxd4 7. Qxd4 e6 8. cxd5 Qxd5 9. Qxd5 exd5 10. Nc3 Be6 11. Bb5+ Kd8 12. Bg5+ Be7 13. Bxe7+ Nxe7 14. O-O-O a6 15. Bc4 Rc8 16. Bb3 Rc5 17. Kb1 Kc8 18. Na4 Rc6 19. Rc1 Rd8 20. Rxc6+ bxc6 {1-0 Bokros,A (2412)-Matveeva,O (2102) Titled Tue 14th May Early 2024 (5)}) 6... Qa5+ $146 ({RR} 6... Qxd5 7. Nc3 Qa5 8. Nxd4 Qxe5+ 9. Be3 e6 10. Bb5 Bd7 11. Qa4 Rc8 12. Bxc6 Bxc6 13. Nxc6 bxc6 14. Qxa7 Nf6 15. Qb7 Qb8 16. Qxb8 Rxb8 17. O-O-O Be7 18. h3 O-O 19. Rd3 h6 20. Rhd1 Ra8 21. Kc2 {½-½ Crouan,S (2181)-Le Goff,D (2266) Breizh Masters 2009 (8)}) ({RR} 6... Qxd5 7. Nc3 Qd8 8. Ne4 Bf5 9. Bd3 e6 10. O-O h6 11. a3 a5 12. Bd2 Qd5 13. Re1 g5 14. h3 Bc5 15. Rc1 Bxe4 16. Bxe4 Qd7 17. Rxc5 Nge7 18. Bc1 O-O 19. h4 g4 20. Nh2 h5 21. Qd2 {1-0 Bartel,M (2262)-Crevatin,L (2171) Titled Tuesday intern op 27th Apr blitz 2021 (9)}) ({RR} 6... Qxd5 7. Nc3 Qd8 8. Nb5 e6 9. Nfxd4 Bb4+ 10. Bd2 Bxd2+ 11. Qxd2 Nxe5 12. f4 Nc6 13. Qc3 Kf8 14. O-O-O Nxd4 15. Rxd4 Bd7 16. Kb1 Ne7 17. Bc4 a6 18. Rhd1 axb5 19. Rxd7 Qe8 20. Bxb5 Nc6 21. Bxc6 {1-0 Manelyuk,D (2307)-Corrales Jimenez,F (2489) Titled Tue 11th Apr Late 2023 (4)}) 7. Qd2 Qxd5 8. Nc3 Qd8 9. Nb5 e6 10. Qf4 Bc5 11. Nd6+ Bxd6 12. exd6 Qf6 13. Bb5 Bd7 14. Bxc6 Bxc6 15. Qxd4 Qxd4 16. Nxd4 Bxg2 17. Rg1 Be4 18. Rxg7 Bg6 19. Nxe6 fxe6 20. Bg5 Be4 21. Rd1 Bd5 22. d7+ Kf8 23. Rxg8+ Rxg8 24. d8=Q+ Rxd8 25. Bxd8 Rg1+ 26. Kd2 Rg2 27. Ke3 Rxh2 28. Bf6 a6 29. a3 Kf7 30. Bd8 Rh3+ 31. Kf4 Rf3+ 0-1

[Event "45th Olympiad 2024"]
[Site "Budapest HUN"]
[Date "2024.09.18"]
[Round "7.80"]
[Board "1"]
[White "Solomon, Joshua"]
[Black "Hamperl, Fred"]
[Result "0-1"]
[WhiteElo "1587"]
[BlackElo "1977"]
[PlyCount "90"]
[EventDate "2024.09.11"]
[WhiteTeam "Antigua and Barbuda"]
[BlackTeam "Guernsey"]

1. d4 Nf6 2. c4 c6 3. Nc3 d5 4. Nf3 e6 5. g3 Nbd7 6. Bg2 Bd6 7. O-O O-O 8. Bg5 h6 9. Bxf6 Nxf6 10. c5 ({RR} 10. Nd2 b6 11. e4 Be7 12. cxd5 cxd5 13. exd5 exd5 14. Re1 Be6 15. Nf1 Rc8 16. Qd3 Bb4 17. Rec1 Qd7 18. Ne3 Bxc3 19. Rxc3 Rxc3 20. Qxc3 Rc8 21. Qb3 h5 22. h4 g6 23. Re1 Kg7 24. Bf3 b5 {½-½ Sargsyan,S (2645)-Nakamura,H (2768) World Rapid 2022 (9.15)}) ({RR} 10. Nd2 e5 11. dxe5 Bxe5 12. cxd5 Bxc3 13. bxc3 Nxd5 14. Qc2 Qe7 15. Rfe1 {½-½ Lenderman,A (2517)-Mirzoev,A (2445) 1000GM NY Summer GMB 2024 (5.4)}) 10... Bc7 11. e3 $146 ({RR} 11. b4 Bd7 12. h3 Qe7 13. Qc2 Rfd8 14. Rab1 Be8 15. b5 cxb5 16. Nxb5 Rdc8 17. Rfc1 Bb8 18. Qb3 Bc6 19. Nc3 Bc7 20. e3 g5 21. Nb5 Bb8 22. Ne5 Bxe5 23. dxe5 Nd7 24. Nd6 Rcb8 25. Qc3 f6 {0-1 Labrador Postigo,F (2041)-Yanez Acin,G (1985) Autonomico-chT 2005 (7.42)}) ({RR} 11. b4 a5 12. b5 cxb5 13. Nxb5 Bd7 14. Nxc7 Qxc7 15. Ne5 Bb5 16. a4 Ba6 17. Rb1 Nd7 18. Nxd7 Qxd7 19. Re1 Bc4 20. Qc2 {½-½ Ozenir,E (1553)-Shidlovskiy,A EU-ch U08 Albena 2011 (7)}) ({RR} 11. b4 Ne4 12. Qc2 f5 13. e3 Qf6 14. Rab1 g5 15. b5 g4 16. Nh4 Nxc3 17. Qxc3 e5 18. dxe5 Bxe5 19. Qd3 Bc7 20. f3 h5 21. fxg4 hxg4 22. Rf2 Be5 23. Rbf1 f4 24. gxf4 Bc7 25. Ng6 Re8 {1-0 Samadov,R (2469)-Kozak,A (2568) ChessKid Cup Play-In 2023 (8.43)}) 11... Re8 12. Rc1 e5 13. dxe5 Bxe5 14. Nxe5 Rxe5 15. Qd4 Qe8 16. b4 Bf5 17. a4 Rd8 18. b5 Ne4 19. bxc6 bxc6 20. Rb1 Nxc3 21. Qxc3 Bxb1 22. Rxb1 Re7 23. Qb4 Qd7 24. h4 Ree8 25. Kh2 Qc7 26. Qb7 Re7 27. Qb4 Kf8 28. a5 Ree8 29. Qb7 Qxb7 30. Rxb7 Re7 31. a6 Rxb7 32. axb7 Rb8 33. Bxd5 Rxb7 34. Bxc6 Rc7 35. Bd5 Rxc5 36. e4 a5 37. Kg2 a4 38. Ba2 Rc2 39. Bd5 Rd2 40. Bc4 Rd4 41. Ba2 Rxe4 42. Kf3 Rb4 43. Ke3 Rb2 44. Bd5 a3 45. Kd3 Rxf2 0-1

[Event "45th Olympiad 2024"]
[Site "Budapest HUN"]
[Date "2024.09.18"]
[Round "7.80"]
[Board "2"]
[White "Rowe, Peter"]
[Black "Matthew Bailey"]
[Result "0-1"]
[WhiteElo "1973"]
[BlackElo "1548"]
[PlyCount "52"]
[EventDate "2024.09.11"]
[WhiteTeam "Guernsey"]
[BlackTeam "Antigua and Barbuda"]

1. d4 Nf6 2. Nf3 d5 3. Bf4 c5 4. c3 Nc6 5. e3 Qb6 6. b3 cxd4 7. exd4 Bg4 8. Nbd2 e6 9. Be2 Be7 ({RR} 9... Ba3 10. Rb1 Bf5 11. b4 a5 12. b5 Ne7 13. Rb3 Ng6 14. Bg5 Be7 15. c4 dxc4 16. Nxc4 Qd8 17. O-O O-O 18. Nfe5 a4 19. Rf3 Nd5 20. Bd2 Be4 21. Rg3 Bh4 22. Ra3 Be7 23. Rg3 Bf6 24. Bf3 {0-1 Brunello,S (2508)-Ter Sahakyan,S (2652) Chess.com Classic Play-In 2024 (7.54)}) 10. h3 Bh5 11. O-O O-O 12. Kh1 $146 ({RR} 12. Be3 Rac8 13. c4 Bg6 14. a3 Qc7 15. b4 a6 16. Rc1 dxc4 17. Nxc4 Nd5 18. Bd2 Bf6 19. Nce5 Qd6 20. Nxc6 Rxc6 21. Rc5 Rfc8 22. Re1 Ne7 23. Bc1 Rd8 24. Bb2 Rxc5 25. bxc5 Qc6 26. Qb3 Be4 {0-1 Berisha,E (2123)-Hamiti,G (2118) ch-KOS 2022 Prishtina KOS (6.3)}) ({RR} 12. Ne5 Bxe2 13. Qxe2 Nxe5 14. Bxe5 Nd7 15. Nf3 Rac8 {½-½ Mueller,M (2223)-Zimmermann,K (2276) Gotha op 8th 2006 (7)}) ({RR} 12. Ne5 Bxe2 13. Qxe2 Rac8 14. Qd3 Rfd8 15. Ng4 a6 16. Nxf6+ Bxf6 17. Nf3 Qa5 18. Bd2 Qc7 19. a4 Ne7 20. a5 Nf5 21. Rfc1 Nh4 22. Nxh4 Bxh4 23. b4 Qc4 24. Qxc4 dxc4 25. Be3 Rd5 26. Ra2 Kf8 {½-½ Sermek,A (2118)-Kolednjak,T (2079) Garesnica Open 2023 (7.5)}) 12... Rac8 13. Be3 Qc7 14. Bd3 Rfe8 15. Rg1 Bf8 16. Bg5 Bg6 17. Bxg6 hxg6 18. Re1 Ne7 19. c4 dxc4 20. bxc4 Red8 21. Qe2 Nf5 22. Nb3 Qxc4 23. Qxc4 Rxc4 24. Ne5 Rc2 25. Ng4 Be7 26. Rad1 Nxg4 0-1

[Event "45th Olympiad 2024"]
[Site "Budapest HUN"]
[Date "2024.09.18"]
[Round "7.80"]
[Board "3"]
[White "Farquhar, Abner"]
[Black "Brookfield, Toby"]
[Result "1/2-1/2"]
[WhiteElo "1678"]
[BlackElo "1872"]
[PlyCount "123"]
[EventDate "2024.09.11"]
[WhiteTeam "Antigua and Barbuda"]
[BlackTeam "Guernsey"]

1. d4 Nf6 2. Nf3 c5 3. c3 e6 4. Bf4 d5 5. e3 Nc6 6. Bd3 h6 7. Nbd2 ({RR} 7. h3 Bd6 8. Bxd6 Qxd6 9. O-O O-O 10. Nbd2 e5 11. dxe5 Nxe5 12. Nxe5 Qxe5 13. Nf3 Qe7 14. c4 Be6 15. cxd5 Nxd5 16. Qe2 Rfd8 17. a3 Rd6 18. Rfd1 Rad8 19. Rac1 b6 20. Bb1 Nf6 21. e4 Ne8 {0-1 Aalto,P (2209)-Aung Thant Zin (2268) Titled Tue 15th Aug Early 2023 (2)}) 7... Nh5 ({RR} 7... Bd6 8. Ne5 Qc7 9. Bb5 O-O 10. Nd3 Bxf4 11. Bxc6 Bd6 12. Ba4 c4 13. Nc1 b5 14. Bc2 b4 15. f4 Qa5 16. Ne2 Rb8 17. Qc1 bxc3 18. Nxc3 Ng4 19. Ke2 f5 20. a3 Bd7 21. h3 Nf6 22. Nf3 {½-½ Aturupane,H (2340)-Boudiba,M (2375) Olympiad-30 Manila 1992 (4.1)}) 8. Be5 $146 ({RR} 8. Bg3 Nxg3 9. hxg3 Qb6 10. Qc1 Bd6 11. Nh4 Bd7 12. f4 cxd4 13. exd4 Ne7 14. Qc2 Bb5 15. Nb3 Rc8 16. a4 Bc4 17. Bxc4 Rxc4 18. Nd2 Rc6 19. Kf2 Rc8 20. Qd3 Qxb2 21. Rhb1 Qxc3 22. Qb5+ Qc6 {0-1 Winzek,F (1032)-Radssat,M (1464) Schleswig Holstein-ch U16 VM 2008 (6)}) ({RR} 8. Bg3 Nxg3 9. hxg3 Be7 10. Qe2 f5 11. Nh4 O-O 12. Ng6 Rf6 13. Nxe7+ Qxe7 14. f4 c4 15. Bc2 b5 16. Nf3 Bd7 17. a3 a5 18. Kf2 Rb8 19. b4 axb4 20. axb4 Rff8 21. Ra6 Ra8 22. Rha1 Rxa6 {½-½ Nandrazi,A (1841)-Zahradnik,V (1958) SVK-chT2D 1516 2015 (5.8)}) ({RR} 8. Bg3 Nxg3 9. hxg3 Bd6 10. Rc1 O-O 11. Bb1 Bd7 12. Qc2 f5 13. Nh4 Qf6 14. Qb3 Rab8 15. Rf1 cxd4 16. exd4 Na5 17. Qd1 Bb5 18. Rh1 Qg5 19. Nhf3 Qf6 20. Nf1 Rbc8 21. Bd3 Bxd3 22. Qxd3 Nc6 {½-½ Csatlos,R-Varcaba,A Miskolc Avas op 2005 (4)}) 8... Nf6 9. O-O cxd4 10. exd4 Be7 11. Qe2 O-O 12. Bg3 Nh5 13. Ne5 Nxg3 14. hxg3 Nxe5 15. dxe5 Bc5 16. Nf3 Bd7 17. g4 g5 18. Nd4 f6 19. Rad1 Rc8 20. Bb1 fxe5 21. Qxe5 Qf6 22. Qxf6 Rxf6 23. Rfe1 Rcf8 24. f3 Re8 25. Kh1 Bc6 26. Nxc6 bxc6 27. Re2 Kf7 28. Bc2 Rh8 29. Kh2 h5 30. gxh5 Rxh5+ 31. Kg3 Bd6+ 32. Kf2 g4 33. Rf1 gxf3 34. gxf3 e5 35. Ke3 e4 36. Rg2 Rh3 37. Bd1 Bc5+ 38. Kd2 exf3 39. Rg4 f2 40. a4 Be3+ 41. Kc2 Rfh6 42. Be2 c5 43. b4 c4 44. a5 Rh1 45. Rg3 Rxf1 46. Bxf1 Rh1 47. Rxe3 Rxf1 48. Rf3+ Ke6 49. Kd2 Kd6 50. Ke2 Re1+ 51. Kxf2 Re7 52. Rf4 Kc6 53. Rf5 Kd6 54. Rf3 Kc6 55. Re3 Rh7 56. Ke2 d4 57. Re5 d3+ 58. Kd1 Rh1+ 59. Kd2 Rh2+ 60. Kd1 Rh1+ 61. Kd2 Rh2+ 62. Kd1 1/2-1/2

[Event "45th Olympiad 2024"]
[Site "Budapest HUN"]
[Date "2024.09.18"]
[Round "7.80"]
[Board "4"]
[White "Owen, Garth I"]
[Black "Solomon, Jonathan"]
[Result "1-0"]
[WhiteElo "1810"]
[BlackElo "1536"]
[PlyCount "119"]
[EventDate "2024.09.11"]
[WhiteTeam "Guernsey"]
[BlackTeam "Antigua and Barbuda"]

1. c4 c6 2. Nf3 d5 3. b3 Nf6 4. Bb2 Nbd7 5. g3 e6 6. Bg2 Be7 7. O-O O-O 8. Qc2 b6 9. d4 Bb7 10. Nbd2 Rc8 11. e4 dxe4 12. Nxe4 Nxe4 13. Qxe4 Nf6 14. Qe2 Qc7 15. Rfe1 ({RR} 15. Rad1 Rfd8 16. Rd3 c5 17. Rfd1 Be4 18. Re3 Bxf3 19. Bxf3 cxd4 20. Rxd4 Rxd4 21. Bxd4 Bc5 22. Be5 Bd6 23. Bxf6 gxf6 24. Rd3 Bc5 25. Kg2 Rd8 26. Qd1 Rxd3 27. Qxd3 a5 28. Qe4 Qd6 29. Qf4 Qxf4 {½-½ Oparin,G (2683)-Andreikin,D (2729) Titled Tuesday intern op 19th Jul Early blitz 2022 (8)}) 15... Bd6 ({RR} 15... Rfe8 16. Rad1 c5 17. d5 exd5 18. Bxf6 gxf6 19. Nh4 Bf8 20. Qg4+ Kh8 21. Bxd5 Rxe1+ 22. Rxe1 Bxd5 23. cxd5 Rd8 24. Qf3 Qd6 25. Rd1 Qe5 26. Qd3 f5 27. Nxf5 b5 28. Ne3 a6 29. Kg2 Bg7 30. h4 {1-0 Duda,J (2731)-Zhizmer,Y (2289) Titled Tue 16th Apr Late 2024 (9)}) 16. Rac1 Qe7 $146 ({RR} 16... Nd7 17. Ng5 Bb4 18. Qc2 g6 19. Re2 Rce8 20. c5 bxc5 21. a3 Ba5 22. dxc5 Qc8 23. Ne4 Bc7 24. Rd1 f5 25. Nd6 Bxd6 26. Rxd6 Nf6 27. f4 h5 28. b4 Kh7 29. Qa4 Nd5 30. Qxa7 {1-0 Yordanova,S (2207)-Dimopoulos,D (1919) Nikaia op 18th 2010 (7)}) 17. Qd3 Ba3 18. Bxa3 Qxa3 19. Ne5 Rfd8 20. Qe3 Qe7 21. c5 Nd5 22. Bxd5 Rxd5 23. b4 b5 24. f4 Rcd8 25. Rcd1 g6 26. Re2 Kg7 27. Red2 a6 28. Qf2 f6 29. Nf3 Bc8 30. Rd3 e5 31. fxe5 f5 32. Qe3 h6 33. h4 Be6 34. Kg2 Rf8 35. Ra3 Ra8 36. Ng1 Rd7 37. Nh3 Bd5+ 38. Kg1 Be6 39. Nf4 Bd5 40. Re1 Be6 41. Re2 Qf7 42. Kh2 Qe7 43. Rc3 Rad8 44. Rd2 Re8 45. Rc1 Red8 46. Re1 Re8 47. Ra1 Red8 48. a4 Bc4 49. axb5 Bxb5 50. e6 Rd5 51. Nxd5 Rxd5 52. Re1 Kh7 53. Qf4 g5 54. hxg5 hxg5 55. Qf3 Kg6 56. Kg1 Rd8 57. Rh2 g4 58. Qf4 Qg5 59. Qc7 Re8 60. Qf7# 1-0

[Event "45th Olympiad 2024"]
[Site "Budapest HUN"]
[Date "2024.09.18"]
[Round "7.81"]
[Board "1"]
[White "Wu, Li"]
[Black "Celis, Joel"]
[Result "1-0"]
[WhiteElo "2325"]
[BlackElo "1929"]
[PlyCount "57"]
[EventDate "2024.09.11"]
[WhiteTeam "Isle of Man"]
[BlackTeam "Macau, China"]
[WhiteTeamCountry "IOM"]

1. d4 Nf6 2. c4 e5 3. dxe5 Ng4 4. e4 Nxe5 5. f4 Nec6 6. Nc3 d6 7. Be3 ({RR} 7. Nge2 g6 8. Be3 Bg7 9. g3 O-O 10. Bg2 Be6 11. b3 Bg4 12. Rc1 Nd7 13. h3 Bxe2 14. Qxe2 Re8 15. g4 Nd4 16. Qd2 Ne6 17. O-O Nec5 18. e5 dxe5 19. b4 Ne6 20. Rcd1 exf4 21. Bxf4 Ne5 {1-0 Jakhria,K (2088)-Muellneritsch,A (1996) 28th Hotel Adriatico 2024 (6.8)}) 7... g6 8. Qd2 Bg7 9. Nf3 O-O $146 ({RR} 9... Na6 10. O-O-O O-O 11. Bd3 Nc5 12. Bb1 Be6 13. Nd5 Rb8 14. e5 b5 15. Bxc5 dxc5 16. Qf2 bxc4 17. Qxc5 Bxd5 18. Rxd5 Qe8 19. Rhd1 Rb6 20. a3 Qe6 21. Nd4 Nxd4 22. R1xd4 Rc6 23. Qb4 c3 24. bxc3 {1-0 Zylka,S (2338)-Luczak,F (2292) Lazy IM 2021 (7)}) 10. O-O-O Re8 11. h3 Bxc3 12. Qxc3 Rxe4 13. g4 Nd7 14. Ng5 Re8 15. Bg2 Qf6 16. Qd2 h6 17. Ne4 Qe6 18. f5 Qxc4+ 19. Nc3 Nb4 20. Kb1 Ne5 21. Bf1 Qc6 22. Bb5 Nc4 23. Qd4 Qb6 24. Bxe8 Nxe3 25. Qf6 Bxf5+ 26. gxf5 Rxe8 27. fxg6 Rf8 28. gxf7+ Kh7 29. Rhg1 1-0

[Event "45th Olympiad 2024"]
[Site "Budapest HUN"]
[Date "2024.09.18"]
[Round "7.81"]
[Board "2"]
[White "Mak, Tong Kuan"]
[Black "Fabri, Henrik"]
[Result "1/2-1/2"]
[WhiteElo "1902"]
[BlackElo "1936"]
[PlyCount "60"]
[EventDate "2024.09.11"]
[WhiteTeam "Macau, China"]
[BlackTeam "Isle of Man"]
[BlackTeamCountry "IOM"]

1. e4 c5 2. Nf3 Nf6 3. e5 Nd5 4. c3 e6 5. d4 cxd4 6. cxd4 Nc6 7. Nc3 Nxc3 8. bxc3 d5 9. Bd3 Be7 10. O-O Bd7 ({RR} 10... O-O 11. h3 Bd7 12. Nh2 f5 13. exf6 Bxf6 14. Ba3 Rf7 15. Ng4 e5 16. Nxe5 Bxe5 17. dxe5 Qg5 18. Bc1 Qxe5 19. Qc2 Bf5 20. Be3 Re8 21. Rad1 Be4 22. Bxe4 dxe4 23. Qb3 Qe6 24. Qxe6 Rxe6 25. Rd5 {½-½ Juchelka,M (1854)-Kubos,R (2164) TCh-CZE 1 Liga Vychod 2023 (1.6)}) 11. Rb1 ({RR} 11. Nd2 Na5 12. Nb3 Nc4 13. Bxc4 dxc4 14. Nd2 Rc8 15. Qg4 O-O 16. Ne4 Kh8 17. Ng5 h6 18. Ne4 Bc6 19. Re1 Bxe4 20. Qxe4 b5 21. Bd2 a5 22. Re3 Qd5 23. Qg4 Kh7 24. Rae1 b4 25. Rg3 Rg8 {0-1 Nurkic,S (2404)-Runic,Z (2418) BIH-ch 2nd Vitez 2006 (7)}) 11... Rb8 $146 ({RR} 11... Na5 12. Ne1 Rc8 13. Bd2 b6 14. f4 Nc4 15. Bc1 g6 16. Nf3 b5 17. Rf2 a5 18. g4 Qb6 19. h3 b4 20. cxb4 axb4 21. a3 Qa5 22. axb4 Bxb4 23. f5 Na3 24. Ra1 Ba4 25. Qf1 Rc3 26. fxe6 {½-½ Delitzsch,J (2235)-Schueller,E (2235) BL2-Ost 0809 2008 (9.6)}) ({RR} 11... Na5 12. Qe2 a6 13. Bf4 Rc8 14. Rfc1 h6 15. Nd2 Ba3 16. Rc2 b5 17. Qg4 Kf8 18. h4 h5 19. Qg3 Be7 20. Bg5 Bxg5 21. hxg5 Qe7 22. g6 h4 23. Qf4 Kg8 24. Qxf7+ Qxf7 25. gxf7+ Kxf7 26. Kh2 {0-1 Charles,M-Evans,L US Open-61 Saint Louis 1960 (1)}) ({RR} 11... Na5 12. Qc2 h6 13. Bb2 Rc8 14. Nd2 g6 15. a4 b5 16. Qd1 f5 {0-1 Gladisheva,T (2235)-Davydiants,E (2034) Kostroma Volga Cup op 2008 (8)}) 12. Qc2 h6 13. Nd2 O-O 14. f4 f5 15. exf6 Bxf6 16. Nf3 Qc7 17. Qe2 Na5 18. Bd2 Nc4 19. Ne5 Bxe5 20. fxe5 Nxd2 21. Qxd2 a6 22. Qe3 Bb5 23. Bxb5 axb5 24. Rfc1 Ra8 25. Qd2 Qc4 26. Rc2 Ra3 27. h3 Rfa8 28. Rb4 Qc6 29. Kh2 Qa6 30. Rbb2 Qc6 1/2-1/2

[Event "45th Olympiad 2024"]
[Site "Budapest HUN"]
[Date "2024.09.18"]
[Round "7.81"]
[Board "3"]
[White "Ormsby, Alan"]
[Black "Wong, Kai Meng"]
[Result "1/2-1/2"]
[WhiteElo "1914"]
[BlackElo "1795"]
[PlyCount "112"]
[EventDate "2024.09.11"]
[WhiteTeam "Isle of Man"]
[BlackTeam "Macau, China"]
[WhiteTeamCountry "IOM"]

1. d4 Nf6 2. Bg5 d5 3. e3 Nbd7 4. Nf3 h6 5. Bf4 e6 6. Bd3 ({RR} 6. Nbd2 Bd6 7. Bd3 O-O 8. Ne5 Re8 9. h4 h5 10. Ndf3 Ng4 11. Nxg4 Bxf4 12. exf4 hxg4 13. Ne5 Nxe5 14. fxe5 f5 15. f3 gxf3 16. Qxf3 c5 17. dxc5 Qc7 18. Qf4 Qxc5 19. O-O-O Bd7 20. g4 fxg4 {1-0 Grischuk,A (2732)-Volkov,M (2302) Titled Tue 20th Feb Early 2024 (11)}) 6... c5 7. c3 Be7 8. Nbd2 O-O $146 ({RR} 8... c4 9. Bc2 b5 10. O-O O-O 11. Re1 Bb7 12. Ne5 a5 13. Ndf3 Nb6 14. h3 Qe8 15. Nh2 b4 16. Nhg4 Nxg4 17. Qxg4 f5 18. Qg3 Kh7 19. h4 Rg8 20. Nf3 a4 21. Qh3 g6 22. Be5 b3 23. Ng5+ {½-½ Katenov,A-Vasilev,M (1716) Wch U10 Maribor 2012 (1.59)}) ({RR} 8... c4 9. Bc2 O-O 10. O-O Nh5 11. Re1 f5 12. Qe2 Nxf4 13. exf4 Rf6 14. Nf1 Nf8 15. Ne5 Bd6 16. Qh5 Bxe5 17. Rxe5 Bd7 18. Nd2 Ng6 19. Re3 Nxf4 20. Qf3 Qc7 21. g3 Nh3+ 22. Kg2 f4 23. Re5 {1-0 Medina Sanchez,G (1715)-Gutierrez Garcia,R (1453) Tenerife-ch 2015 (6)}) 9. Ne5 Nxe5 10. dxe5 Nd7 11. Qh5 Bg5 12. h4 Bxf4 13. exf4 c4 14. Bc2 Nc5 15. Nf3 Nd3+ 16. Bxd3 cxd3 17. Nd4 Bd7 18. Rh3 Qb6 19. O-O-O Qa6 20. Kb1 d2 21. Qe2 Qxe2 22. Nxe2 f6 23. Re3 fxe5 24. Rxe5 Bb5 25. Rxd2 Bxe2 26. Rdxe2 Rxf4 27. g3 Rf3 28. Rxe6 Raf8 29. Rd6 Rxf2 30. Rxf2 Rxf2 31. Rxd5 Rg2 32. Rd3 Kh7 33. c4 Kg6 34. b4 Kf5 35. c5 Ke4 36. Rd7 Rxg3 37. Rxb7 Kd4 38. Kb2 a5 39. bxa5 Kxc5 40. a6 Rg2+ 41. Ka3 Rg6 42. a7 Ra6+ 43. Kb3 g5 44. hxg5 hxg5 45. Rg7 Kb6 46. Rxg5 Kxa7 47. Rg7+ Ka8 48. a4 Rb6+ 49. Kc4 Re6 50. Kb5 Rf6 51. Rh7 Rg6 52. a5 Rf6 53. Rg7 Re6 54. Rh7 Rf6 55. Rg7 Re6 56. Rh7 Rf6 1/2-1/2

[Event "45th Olympiad 2024"]
[Site "Budapest HUN"]
[Date "2024.09.18"]
[Round "7.82"]
[Board "1"]
[White "Mompel Ferruz, Xavier"]
[Black "Houssein, Mohamed Bilal"]
[Result "1-0"]
[WhiteElo "2273"]
[BlackElo "1870"]
[PlyCount "57"]
[EventDate "2024.09.11"]
[WhiteTeam "Equatorial Guinea"]
[BlackTeam "Djibouti"]
[BlackTeamCountry "DJI"]

1. e4 c5 2. Nf3 d6 3. d4 cxd4 4. Nxd4 Nf6 5. Nc3 a6 6. Be3 e5 7. Nb3 Be7 8. h3 Be6 9. f4 exf4 10. Bxf4 Nc6 11. Qe2 Ne5 ({RR} 11... O-O 12. O-O-O Qc7 13. g4 Rac8 14. Kb1 Rfe8 15. g5 Nd7 16. h4 Nce5 17. Qg2 Nc4 18. Bxc4 Qxc4 19. Bxd6 Bxd6 20. Rxd6 Ne5 21. Qg3 Nc6 22. Qd3 Qb4 23. a3 Qb6 24. Nd4 Rcd8 25. Nxc6 bxc6 26. Rd1 {1-0 Leko,P (2730)-Vachier Lagrave,M (2745) Beijing Sportaccord rap rapid 2013 (1)}) 12. O-O-O Nfd7 13. g4 ({RR} 13. Kb1 O-O 14. Qe3 Rc8 15. g4 Qc7 16. g5 Nb6 17. Rh2 Nbc4 18. Bxc4 Nxc4 19. Qg3 Qb6 20. h4 a5 21. Bc1 Qb4 22. Nd5 Bxd5 23. exd5 Qb5 24. Qf3 Ne5 25. Qg2 Qd7 26. Nd4 Bd8 27. Rf1 Rc4 {1-0 Sjugirov,S (2689)-Erdogmus,Y (2540) Sardinia World Open A 2024 (8.6)}) 13... Rc8 14. Qg2 $146 ({RR} 14. Nd5 Bxd5 15. exd5 O-O 16. Kb1 Re8 17. Qg2 Ng6 18. Bc1 Bg5 19. Bxg5 Qxg5 20. h4 Qe5 21. Qd2 Nf4 22. Bd3 Nxd3 23. Qxd3 Nb6 24. g5 Nc4 25. Nd4 Qxd5 26. b3 Ne3 27. c4 Qe4 28. Rhe1 Re5 {½-½ Koziol,K (2238)-Michenka,J (2328) Bohumin op 1st 2018 (4)}) ({RR} 14. Qe3 O-O 15. Kb1 Re8 16. g5 b5 17. Qg3 Qc7 18. Rh2 Nb6 19. Nd5 Bxd5 20. exd5 Bf8 21. Bc1 g6 22. Nd4 Bg7 23. Qg2 Na4 24. c3 Qb6 25. Qc2 Rc5 26. Bg2 Rec8 27. Nc6 Nxc6 28. dxc6 Rxc3 {0-1 Marek,M (2200)-Michenka,J (2326) CZE-chT2F 1415 2014 (6.21)}) 14... Rxc3 15. bxc3 Qc7 16. Qg3 b5 17. g5 Nb6 18. Kd2 Na4 19. Nd4 O-O 20. Nxe6 fxe6 21. Bxe5 dxe5 22. Bd3 Qxc3+ 23. Ke2 Qd4 24. Rdf1 Nc3+ 25. Ke1 Rd8 26. Qf2 Qb4 27. Qf7+ Kh8 28. a3 Nxe4+ 29. axb4 1-0